[Event "ch-ROM"]
[Site "Baile Tusnad ROM"]
[Date "2001.02.11"]
[Round "7"]
[White "Spulber,C"]
[Black "Sofronie,I"]
[Result "0-1"]
[WhiteElo "2380"]
[BlackElo "2399"]

1.Nf3 Nf6 2.c4 g6 3.g3 Bg7 4.Bg2 O-O 5.Nc3 d6 6.O-O Nc6 7.d3 h6 8.Rb1 a5
9.a3 Nh7 10.Bd2 e5 11.Qc1 g5 12.e4 f5 13.exf5 Bxf5 14.Ne1 Qd7 15.Be3 Rae8
16.Qd2 Nf6 17.Nc2 Bh3 18.Rbe1 Bxg2 19.Kxg2 Rf7 20.f3 d5 21.cxd5 Nxd5 22.Ne4 b6
23.Bg1 Rd8 24.Rd1 Nde7 25.Qc3 Nf5 26.b4 axb4 27.axb4 Rdf8 28.Qc4 Kh8 29.Rc1 Nd8
30.Na3 Ne6 31.Nb5 Ned4 32.Nxd4 exd4 33.Rce1 Ne7 34.Nd2 Ng6 35.Re4 Ne5 36.Qc2 c5
37.bxc5 bxc5 38.Qxc5 Rc8 39.Qxd4 Rc2 40.Re2 Nxd3 41.Qe4 Rf8 42.Rb1 Nf4+ 43.gxf4 Rxd2
44.fxg5 hxg5 45.Rxd2 Qxd2+ 46.Bf2 Qf4 47.Be3 Qxe4 48.fxe4 Re8 49.Rb4 Bf6
50.Kf3 Kg7 51.h3 Re6 52.Rb7+ Kg6 53.Rb6 Rxb6 54.Bxb6 Kh5 55.Bf2 Kg6 56.Kg4 Be5
57.Be3 Bf6 58.Bd2 Bd8 59.Bc3 Bc7 60.Be1 Be5 61.Bg3 Bf6 62.Bd6 Bc3 63.Be7 Bd2
64.Bd8 Bc1 65.e5 Bb2 66.e6 Bc1 67.Kf3 Ba3 68.Ke4 Bb4 69.Bc7 Kf6 70.Kd5 Be7
71.Bd6 Bd8 72.Be5+ Kf5  0-1

[Event "ch-ROM"]
[Site "Baile Tusnad ROM"]
[Date "2001.02.14"]
[Round "9"]
[White "Spulber,C"]
[Black "Ionescu,D"]
[Result "0-1"]
[WhiteElo "2380"]
[BlackElo "2390"]

1.c4 Nf6 2.Nf3 g6 3.g3 Bg7 4.Bg2 O-O 5.O-O Nc6 6.Nc3 d5 7.cxd5 Nxd5 8.d4 Nb6
9.d5 Na5 10.Qc2 c6 11.dxc6 Nxc6 12.Rd1 Bd7 13.h3 Qc8 14.Kh2 Bf5 15.e4 Be6
16.Bd2 Nb4 17.Qb1 Rd8 18.Be1 Bc4 19.a4 a5 20.e5 Nd3 21.b3 Nxe1 22.Rxe1 Bd3
23.Qb2 Qc5 24.Rac1 Qb4 25.Nd1 Bh6 26.Rc3 Be4 27.Rf1 Rxd1 28.Rxd1 Nxa4 29.Qa1 Nxc3
30.Rd4 Qxb3 31.Nd2 Bxd2  0-1

[Event "8th Metalis Open"]
[Site "Bizovac CRO"]
[Date "2001.02.25"]
[Round "7"]
[White "Njirjak,J"]
[Black "Rasic,D"]
[Result "0-1"]
[WhiteElo "2332"]
[BlackElo "2280"]

1.Nf3 Nf6 2.c4 g6 3.g3 Bg7 4.Bg2 O-O 5.O-O d6 6.Nc3 Nc6 7.d3 e5 8.Rb1 Bf5
9.b4 Qd7 10.b5 Nd8 11.e4 Bg4 12.Nd5 Ne8 13.Ne3 Bh3 14.Nd2 Bxg2 15.Nxg2 f5
16.exf5 gxf5 17.f4 Ne6 18.Bb2 Nc5 19.Nf3 e4 20.Nfe1 exd3 21.Nxd3 Ne4 22.Nf2 Nc5
23.Bxg7 Qxg7 24.Qd5+ Kh8 25.Rbe1 Qd7 26.Re2 Nf6 27.Qd4 Kg8 28.Nh4 a6 29.b6 cxb6
30.Rfe1 Rf7 31.Rd1 Rd8 32.Qb2 Nfe4 33.Rd5 Na4 34.Qd4 Nec3 35.Re3 Nxd5 36.Qxd5 Nc5
37.Nf3 h6 38.Nd4 Rf8 39.g4 fxg4 40.Nxg4 Kh7 41.Qh5 Qxg4+ 42.Qxg4 Rg8 43.Qxg8+ Kxg8
44.f5 Rg7+  0-1

[Event "Open"]
[Site "Cappelle la Grande FRA"]
[Date "2001.02.25"]
[Round "2"]
[White "Ibragimov,I"]
[Black "Stryjecki,M"]
[Result "1-0"]
[WhiteElo "2571"]
[BlackElo "2445"]

1.Nf3 Nf6 2.c4 g6 3.g3 Bg7 4.Bg2 O-O 5.O-O d6 6.Nc3 a6 7.Rb1 c6 8.d3 b5 9.cxb5 axb5
10.b4 Bb7 11.Nd2 Nd5 12.Nxd5 cxd5 13.Bb2 Qb6 14.Bxg7 Kxg7 15.Qb3 e6 16.Qb2+ Kg8
17.Rbc1 Nc6 18.a3 Qa7 19.Rc3 Nd4 20.Nb1 Rfc8 21.Rfc1 Rxc3 22.Rxc3 Nc6 23.Qc1 Rc8
24.e3 d4 25.exd4 Ne7 26.Bxb7 Qxb7 27.Rxc8+ Nxc8 28.Nd2 Ne7 29.Ne4 Nf5 30.Qc3 Kf8  1-0

[Event "It Blind"]
[Site "Linares ESP"]
[Date "2001.02.26"]
[Round "4"]
[White "Zoltek,T"]
[Black "Krylov,Se"]
[Result "0-1"]
[WhiteElo "2304"]
[BlackElo "2341"]

1.Nf3 Nf6 2.c4 g6 3.g3 Bg7 4.Bg2 O-O 5.O-O d6 6.Nc3 e5 7.d3 c6 8.Bd2 Re8
9.Qc1 Nbd7 10.Bh6 a6 11.Bxg7 Kxg7 12.b4 d5 13.cxd5 cxd5 14.Nd2 Nb6 15.Qb2 Bg4
16.f3 Be6 17.f4 Ng4 18.Nd1 Na4 19.Qa3 b5 20.fxe5 Qb6+ 21.Kh1 Rac8 22.Nb3 Rc2
23.d4 Rxe2 24.Nc5 Nxc5 25.bxc5 b4 26.Qd3 Qb5 27.Qxb5 axb5 28.Rb1 Ra8 29.h3 Raxa2
30.Rg1 Bf5 31.Rxb4 Nf2+ 32.Nxf2 Rxf2 33.c6 Be4 34.c7 Rxg2 35.Rxg2 Rxg2  0-1

[Event "5th United Insurance"]
[Site "Dhaka BAN"]
[Date "2001.02.28"]
[Round "9"]
[White "Davies,N"]
[Black "Hossain,Enam"]
[Result "1/2-1/2"]
[WhiteElo "2464"]
[BlackElo "2323"]

1.c4 Nf6 2.g3 g6 3.Bg2 Bg7 4.Nf3 O-O 5.O-O d5 6.cxd5 Nxd5 7.Nc3 Nb6 8.d3 Nc6
9.Be3 e5 10.b4 Nd4 11.a4 a5 12.b5 h6 13.Nd2 c6 14.Rb1 Be6 15.Nde4 Nd5 16.Nxd5 Bxd5
17.bxc6 bxc6 18.Qd2 Kh7 19.Rb2 f5 20.Nc3 Bxg2 21.Kxg2 Qd6 22.Rfb1 Rab8 23.Nd1 Rxb2
24.Rxb2 Nxe2 25.Qxe2 f4 26.Qc2 fxe3 27.Nxe3 e4 28.Rb3 exd3 29.Rxd3 Qf6 30.h4  1/2-1/2

[Event "ch-UKR Women"]
[Site "Kramatorsk UKR"]
[Date "2001.03.01"]
[Round "7"]
[White "Jadvizhena,N"]
[Black "Dolzhikova,O"]
[Result "1-0"]
[WhiteElo "2170"]
[BlackElo "2198"]

1.Nf3 Nf6 2.c4 g6 3.g3 Bg7 4.Bg2 O-O 5.O-O d6 6.d4 c6 7.Nc3 Qa5 8.h3 Be6
9.Nd2 d5 10.Nb3 Qd8 11.cxd5 cxd5 12.Nc5 Bc8 13.Bg5 Nc6 14.Qa4 h6 15.Bf4 Nd7
16.Nb3 Nb6 17.Qb5 a6 18.Qd3 Bf5 19.Qd1 g5 20.g4 gxf4 21.gxf5 e6 22.e3 Qg5
23.fxe6 fxe6 24.Qg4 Qe7 25.Nc5 Rf5 26.h4 Raf8 27.Bh3 Kh8 28.Kh2 h5 29.Qg6 Qxh4
30.Nxe6 R8f7 31.Nxg7 R7f6 32.Nxf5 Qxh3+ 33.Kxh3 Rxg6 34.Rg1 Rf6 35.Rg5  1-0

[Event "TCh-ROM"]
[Site "Sovata ROM"]
[Date "2001.03.21"]
[Round "1"]
[White "Calotescu,C"]
[Black "Munteanu,De"]
[Result "1-0"]
[WhiteElo "2206"]
[BlackElo "2005"]

1.Nf3 Nf6 2.c4 g6 3.g3 Bg7 4.Bg2 O-O 5.O-O d6 6.d4 Nc6 7.Nc3 e5 8.d5 Ne7
9.e4 h6 10.b4 Ne8 11.a4 f5 12.a5 g5 13.Nd2 f4 14.c5 g4 15.f3 Nf6 16.Nc4 fxg3
17.hxg3 gxf3 18.Bxf3 Bh3 19.Rf2 Qd7 20.Ne3 c6 21.cxd6 Qxd6 22.Nc4 Qxb4 23.Ra4 Qxc3
24.Bb2 Qxf3 25.Rxf3 Bg4 26.Nxe5 Bxf3 27.Nxf3 cxd5 28.exd5 Nexd5 29.Qb3 Kh8
30.Ne5 Rfe8 31.Rh4 Ne7 32.Nf7+ Kh7 33.Qd3+ Kg8 34.Nxh6+ Bxh6 35.Rxh6  1-0

[Event "ch-UKR Women"]
[Site "Kramatorsk UKR"]
[Date "2001.03.27"]
[Round "2"]
[White "Jadvizhena,N"]
[Black "Lahno,Kateri"]
[Result "1-0"]
[WhiteElo "2170"]
[BlackElo "2185"]

1.Nf3 Nf6 2.c4 g6 3.g3 Bg7 4.Bg2 O-O 5.O-O d6 6.d4 Nbd7 7.Nc3 e5 8.e4 exd4
9.Nxd4 Re8 10.Re1 Nc5 11.h3 Bd7 12.Rb1 a5 13.Bg5 h6 14.Bf4 a4 15.Ndb5 Bxb5
16.cxb5 a3 17.b4 Nh5 18.Bd2 Nd3 19.Re3 Ne5 20.Qb3 c6 21.f4 Nd7 22.Rd3 Qe7
23.Re1 Qe6 24.Qxe6 Rxe6 25.bxc6 bxc6 26.e5 Bf8 27.Bxc6 Rd8 28.g4 Ng7 29.Ne4 Nb6
30.b5 d5 31.Ba5 Rb8 32.Nf6+  1-0

[Event "TCh-CHN Men"]
[Site "Suzhou, Jiangsu CHN"]
[Date "2001.04.03"]
[Round "8"]
[White "Xia Yu"]
[Black "Wang Rui"]
[Result "1-0"]
[WhiteElo "2335"]
[BlackElo "2526"]

1.Nf3 Nf6 2.g3 g6 3.Bg2 Bg7 4.c4 O-O 5.O-O d6 6.d4 Nc6 7.d5 Na5 8.Nfd2 c5
9.Nc3 a6 10.a3 Ng4 11.Qc2 Ne5 12.b3 b5 13.cxb5 axb5 14.Bb2 Ba6 15.Nce4 Qb6
16.b4 cxb4 17.axb4 Nac4 18.Nxc4 bxc4 19.Bc3 Ng4 20.h3 Bxc3 21.Qxc3 Ne5 22.Kh2 Bb5
23.f4 Nd7 24.h4 Qb7 25.Qd2 Rxa1 26.Rxa1 Ra8 27.Rf1 f5 28.Nc3 Nf6 29.Qd4 Ra3
30.e4 Bd7 31.exf5 Qxb4 32.Ne4 Ng4+ 33.Kh1 Bxf5 34.Ng5 Rd3 35.Qa7 Qb5 36.Re1 Qd7
37.Qa8+ Qc8 38.Qa7 Qd7 39.Qb8+ Qc8 40.Qa7 Bd7 41.Bf1 Rxd5 42.Bxc4 Qxc4 43.Qxd7 Rf5
44.Ne6 Qd5+ 45.Kg1 Qa8 46.Rc1 Nf6 47.Rc8+ Kf7 48.Nd8+ Kf8 49.Nc6+ Qxc8 50.Qxc8+ Ne8
51.Nd4 Rd5 52.Ne6+  1-0

[Event "ch-UKR Women"]
[Site "Kramatorsk UKR"]
[Date "2001.04.06"]
[Round "11"]
[White "Jadvizhena,N"]
[Black "Zozulia,A"]
[Result "0-1"]
[WhiteElo "2170"]
[BlackElo "2358"]

1.Nf3 Nf6 2.c4 g6 3.g3 Bg7 4.Bg2 O-O 5.O-O d6 6.d4 c6 7.Nc3 Qa5 8.h3 e5 9.e4 Ne8
10.Be3 Nd7 11.Rb1 exd4 12.Nxd4 Ne5 13.Nb3 Qc7 14.Qe2 Be6 15.Nd2 f5 16.f4 Nd7
17.Rbc1 Nef6 18.exf5 Bxf5 19.g4 Be6 20.Nf3 Kh8 21.f5 gxf5 22.Nd4 Rae8 23.Nxf5 Bxf5
24.Rxf5 Ne5 25.b3 Ng6 26.g5 Nd7 27.Rxf8+ Ndxf8 28.Ne4 Nh4 29.Bh1 Nf5 30.Bf2 Ng6
31.Qg4 Nd4 32.Re1 Ne5 33.Qd1 Nf5 34.Bg2 Qe7 35.h4 Rd8 36.Bh3 Rf8 37.Bg2 a6
38.a3 Qc7 39.Qe2 Ne7 40.Qd2 Nf5 41.Qe2 Qa5 42.a4 Ng6 43.Qg4 Ngxh4 44.Bxh4 Nxh4
45.Qxh4 Bd4+ 46.Kh2 Be5+ 47.Kh3 Rf4  0-1

[Event "TCh-EST"]
[Site "Parnu/Tallinn EST"]
[Date "2001.04.06"]
[Round "?"]
[White "Gavrikov,Vi"]
[Black "Krupenski,Y"]
[Result "1-0"]
[WhiteElo "2565"]
[BlackElo "2211"]

1.Nf3 Nf6 2.c4 g6 3.g3 Bg7 4.Bg2 O-O 5.O-O d6 6.d4 Nc6 7.d5 Na5 8.Nfd2 c5
9.a3 b6 10.b4 Ne8 11.Ra2 Nb7 12.Bb2 Bd7 13.Bxg7 Nxg7 14.Nc3 Nf5 15.Qb1 Rc8
16.Rc1 Rc7 17.e3 Qe8 18.b5 Na5 19.Qd3 Bc8 20.f4 e5 21.dxe6 fxe6 22.Rd1 Bb7
23.Bxb7 Rxb7 24.Nde4 Rd7 25.g4 Nh4 26.g5 d5 27.cxd5 c4 28.Qe2 exd5 29.Nf6+ Rxf6
30.gxf6 Qe6 31.Rad2 Nb3 32.Rxd5 Nc1 33.Rxc1  1-0

[Event "FSIMB April"]
[Site "Budapest HUN"]
[Date "2001.04.07"]
[Round "1"]
[White "Paci,C"]
[Black "Sipos,I"]
[Result "1/2-1/2"]
[WhiteElo "2213"]
[BlackElo "2206"]

1.Nf3 Nf6 2.c4 g6 3.g3 Bg7 4.Bg2 O-O 5.O-O c6 6.d4 d5 7.cxd5 cxd5 8.Ne5 Nc6
9.Nxc6 bxc6 10.Nc3 Bf5 11.Bf4 Qd7 12.Qa4 Bh3 13.Rac1 Bxg2 14.Kxg2 Rac8 15.Rfd1 Qb7
16.Kg1 Qxb2 17.Qxa7 Ne4 18.Nxe4 dxe4 19.Qxe7 Qxe2 20.Re1 Qxa2 21.Qxe4 Qd5
22.Be5 Qxe4 23.Rxe4 Rfe8 24.Ree1  1/2-1/2

[Event "ch-UKR Women"]
[Site "Kramatorsk UKR"]
[Date "2001.04.08"]
[Round "13"]
[White "Jadvizhena,N"]
[Black "Gaponenko,I"]
[Result "1/2-1/2"]
[WhiteElo "2170"]
[BlackElo "2383"]

1.Nf3 Nf6 2.c4 g6 3.g3 Bg7 4.Bg2 O-O 5.O-O d6 6.d4 Nc6 7.d5 Na5 8.Nfd2 c5
9.Nc3 a6 10.Qc2 Rb8 11.b3 e5 12.Bb2 Ne8 13.Nd1 f5 14.f4 exf4 15.Bxg7 Nxg7
16.gxf4 b5 17.Qc3 Nh5 18.e3 Bd7 19.Nf2 Nb7 20.Rae1 Qf6 21.Qxf6 Rxf6 22.Nd3 Rf7
23.Bf3 Nf6 24.Nf2 Re8 25.Kg2 Kg7 26.Kg3 Rfe7 27.e4 bxc4 28.bxc4 fxe4 29.Nfxe4 Bf5
30.Nxf6 Kxf6 31.Rxe7 Rxe7 32.Kf2 Bd3 33.Rc1 Bf5 34.Rc3 a5 35.Bd1 h6 36.Rb3 Bc8
37.Rb6 Kf5 38.Kf3 Re1 39.Bc2+ Kf6 40.Ba4 Ke7 41.Bb5 Nd8 42.Ne4 Bg4+ 43.Kxg4 Rxe4
44.Kf3 Rd4 45.a4  1/2-1/2

[Event "FSIMB April"]
[Site "Budapest HUN"]
[Date "2001.04.09"]
[Round "3"]
[White "Nemeth,Z"]
[Black "Sipos,I"]
[Result "1/2-1/2"]
[WhiteElo "2319"]
[BlackElo "2206"]

1.Nf3 Nf6 2.g3 g6 3.Bg2 Bg7 4.c4 O-O 5.d4 c6 6.O-O d5 7.cxd5 cxd5 8.Nc3 Ne4
9.Nxe4 dxe4 10.Ng5 Qxd4 11.Qxd4 Bxd4 12.Nxe4 Nc6 13.Bh6 Rd8 14.e3 Bxb2 15.Rab1 Ba3
16.Rb3 Bb4 17.a3 Ba5 18.Rc1 Bb6 19.Nc3 Be6 20.Rbb1 Bf5 21.Rb2 Rd7  1/2-1/2

[Event "Osteropen"]
[Site "Essen-Borbeck GER"]
[Date "2001.04.14"]
[Round "5"]
[White "Podzielny,KH"]
[Black "Curic,D"]
[Result "1-0"]
[WhiteElo "2471"]
[BlackElo "2218"]

1.Nf3 Nf6 2.c4 g6 3.g3 Bg7 4.Bg2 O-O 5.O-O d6 6.d4 Nc6 7.Nc3 Bg4 8.d5 Ne5
9.Nxe5 dxe5 10.c5 Qc8 11.Qb3 Rb8 12.Rd1 Rd8 13.f3 Bh3 14.e4 Bxg2 15.Kxg2 c6
16.Be3 cxd5 17.Nxd5 Nxd5 18.Rxd5 Rxd5 19.Qxd5 e6 20.Qd6 Bf8 21.Qxe5 Bg7 22.Qd6 Bxb2
23.Rb1 Bg7 24.c6 Bf8 25.Qf4 b6 26.Rd1 Qe8 27.Bd4 Bg7 28.Bxg7 Kxg7 29.Qe5+ Kg8
30.c7  1-0

[Event "Solett Open"]
[Site "Skelleftea SWE"]
[Date "2001.04.14"]
[Round "7"]
[White "Krylov,St"]
[Black "Ernst,T"]
[Result "1/2-1/2"]
[WhiteElo "2295"]
[BlackElo "2441"]

1.Nf3 Nf6 2.c4 g6 3.g3 Bg7 4.Bg2 O-O 5.Nc3 d6 6.O-O e5 7.d3 Nc6 8.Rb1 a5
9.Bd2 Re8 10.e4 Bg4 11.h3 Bxf3 12.Bxf3 Nd7 13.Bg2 Nd4 14.Ne2 Nxe2+ 15.Qxe2 Nc5
16.Be3 c6 17.h4 Ne6 18.Bh3 Qe7 19.b3 Reb8 20.Bxe6 Qxe6 21.Kg2 Rf8 22.f3 f5
23.Bd2 d5 24.Bc3 dxe4 25.dxe4 f4 26.g4 a4 27.b4 Bf6 28.g5 Bg7 29.b5 Rac8
30.Bb4 Rfd8 31.Rbd1 cxb5 32.cxb5 Rd4 33.a3 Qb3 34.Rc1 Rcd8 35.Rf2 Bf8 36.Rc3 Qb1
37.Bxf8 Kxf8 38.Qc2 Qxc2 39.Rfxc2 Rd2+ 40.Rxd2 Rxd2+ 41.Kh3 Ke7 42.Rc7+ Rd7
43.Rc8 Rd8 44.Rc7+ Rd7 45.Rc8 Rd8  1/2-1/2

[Event "Cat V"]
[Site "Vukovar CRO"]
[Date "2001.04.14"]
[Round "2"]
[White "Goric,E"]
[Black "Jovanovic,Zo2"]
[Result "1/2-1/2"]
[WhiteElo "2327"]
[BlackElo "2383"]

1.Nf3 g6 2.c4 Bg7 3.g3 Nf6 4.Bg2 O-O 5.O-O c6 6.Nc3 d6 7.d3 e5 8.Bd2 Qe7
9.Rb1 Bf5 10.b4 Nbd7 11.b5 Nc5 12.Na4  1/2-1/2

[Event "Open"]
[Site "Dubai UAE"]
[Date "2001.04.15"]
[Round "1"]
[White "Pigusov,E"]
[Black "Al Sayed,Mohamad"]
[Result "1-0"]
[WhiteElo "2584"]
[BlackElo "2304"]

1.Nf3 Nf6 2.c4 g6 3.g3 Bg7 4.Bg2 O-O 5.d4 d6 6.Nc3 Nc6 7.O-O a6 8.Re1 Rb8
9.Rb1 Bf5 10.e4 Bg4 11.Be3 Nd7 12.Ne2 Na5 13.Nd2 Bxe2 14.Qxe2 Nc6 15.Nb3 e5
16.d5 Nd4 17.Bxd4 exd4 18.Rbd1 Qe7 19.Nxd4 Rbe8 20.b4 Bxd4 21.Rxd4 f5 22.Qd2 Qf6
23.exf5 Qxf5 24.Rc1 b6 25.Rf4 Qe5 26.Rxf8+ Kxf8 27.Bh3 Nf6 28.Be6 Nh5 29.c5 bxc5
30.bxc5 dxc5 31.Re1 Qd4 32.Qh6+ Qg7 33.Qc1 Qe7 34.Re3 Nf6 35.Qc3 Kg7 36.g4 h6
37.h4 Kh7 38.Bg8+  1-0

[Event "Israel Open Ch"]
[Site "Tel Aviv ISR"]
[Date "2001.04.15"]
[Round "7"]
[White "Golod,V"]
[Black "Roiz,M"]
[Result "1/2-1/2"]
[WhiteElo "2593"]
[BlackElo "2449"]

1.Nf3 g6 2.c4 Bg7 3.g3 Nf6 4.Bg2 O-O 5.O-O d6 6.Nc3 Nc6 7.d3 e5 8.Rb1 a5
9.Bg5 h6 10.Bxf6 Bxf6 11.a3 Bg7 12.b4 axb4 13.axb4 Ne7 14.b5 Be6 15.Qc2  1/2-1/2

[Event "4th Open"]
[Site "Tanta City EGY"]
[Date "2001.04.18"]
[Round "1"]
[White "Jirovsky,M"]
[Black "Elgabry,M"]
[Result "1-0"]
[WhiteElo "2452"]
[BlackElo "2328"]

1.Nf3 Nf6 2.c4 g6 3.g3 Bg7 4.Bg2 O-O 5.O-O c6 6.d4 d6 7.Nc3 Nbd7 8.Qc2 e5
9.Rd1 Qe7 10.e4 Re8 11.b3 exd4 12.Nxd4 Nc5 13.f3 a5 14.Be3 Nfd7 15.Bf2 Ne5
16.h3 f6 17.f4 Nf7 18.Re1 Qc7 19.Rab1 Bd7 20.a3 Nh6 21.g4 Nf7 22.Nde2 g5
23.e5 fxe5 24.f5 Bc8 25.Ng3 Nd7 26.Qd2 Nf6 27.Rbd1 Rd8 28.Nce4 h6 29.Nxf6+ Bxf6
30.Nh5 Qe7 31.Bb6 a4 32.Bxd8 Qxd8 33.b4 Bd7 34.Qc2 Be8 35.Kh1 Kf8 36.Ng3 Qb8
37.Ne4 Ke7 38.Nc3 Qa7 39.c5 dxc5 40.bxc5 Kf8 41.Ne4 Bd8 42.Qc4 Ba5 43.Rf1 Rd8
44.Qe6 Qb8 45.Nf6  1-0

[Event "Cat V"]
[Site "Vukovar CRO"]
[Date "2001.04.21"]
[Round "9"]
[White "Macanga,B"]
[Black "Jovanovic,Zo2"]
[Result "0-1"]
[WhiteElo "2369"]
[BlackElo "2383"]

1.Nf3 Nf6 2.c4 g6 3.g3 Bg7 4.Bg2 O-O 5.O-O d6 6.d4 c6 7.Nc3 Qa5 8.h3 Be6
9.Qd3 Qa6 10.b3 d5 11.Ne5 Rd8 12.Bb2 dxc4 13.bxc4 Nbd7 14.Nxd7 Rxd7 15.d5 cxd5
16.cxd5 Qxd3 17.exd3 Nxd5 18.Bxd5 Bxd5 19.Rab1 Bc6 20.Rfe1 Rxd3 21.Ne4 Bxb2
22.Rxb2 Rad8  0-1

[Event "Open"]
[Site "Dubai UAE"]
[Date "2001.04.25"]
[Round "9"]
[White "Filippov,V"]
[Black "Odeev,H"]
[Result "1/2-1/2"]
[WhiteElo "2632"]
[BlackElo "2471"]

1.Nf3 Nf6 2.c4 g6 3.g3 Bg7 4.Bg2 O-O 5.d4 d5 6.cxd5 Nxd5 7.O-O c6 8.e4 Nb6
9.h3 Na6 10.Nc3 Be6 11.b3 Qd7 12.Kh2 c5 13.Be3 Rfd8 14.Ne2 cxd4 15.Nfxd4 Qe8
16.Qe1 Bd7 17.e5 Bc8 18.Qa5 Nc7 19.Nc3 e6 20.Ne4 Rd5 21.Qc3 Rd7 22.f4 Nbd5
23.Qd2 Qd8 24.Bf2 Bf8 25.Rac1 Ba3 26.Rc2 Qf8 27.Rd1 Kh8 28.Nd6 Bxd6 29.exd6 Qxd6
30.Nf3 f6 31.Bd4 Qf8 32.Qe1 Rg7 33.g4 Qd6 34.Qg3 Ne8 35.g5 Qf8 36.Re2 Bd7
37.Bb2 Rc8 38.Nd4 Qd6 39.Rde1 Nxf4 40.gxf6 Rf7 41.Nxe6 Nxe2 42.Rxe2 Qxg3+
43.Kxg3 Bxe6 44.Rxe6 Kg8 45.h4 Rd7 46.Re3 Rcd8 47.Bh3 Nc7 48.Bxd7 Rxd7 49.h5 Kf7
50.hxg6+ hxg6 51.Kh4 Ne8 52.Rf3 Rd6 53.Kg5 Rd2 54.Bc3 Rxa2 55.Re3 Rg2+ 56.Kh4 Nxf6
57.Rf3 g5+ 58.Kh3 g4+ 59.Kxg2 gxf3+ 60.Kxf3 Ke6 61.Ke2 Ne4 62.Bd4 a6 63.Kd3 Kd5
64.Be3 Nf6 65.Bd4 Nd7 66.Kc3 Ne5 67.Bf2 Nc6 68.Bb6 Ne5 69.Bf2 b5 70.Bg3 Nc6
71.Kd3 Nd4 72.b4 Nc6 73.Kc3 Ke4 74.Bd6 Kd5 75.Bf8 Ke4 76.Bd6 Kd5 77.Bf8 Ke4
78.Bd6 Nd4 79.Bc5 Nf5 80.Bb6 Ne3 81.Bc5 Nd5+ 82.Kc2 Ne3+ 83.Kc3 Nc4 84.Ba7 Ne3
85.Bc5  1/2-1/2

[Event "Open"]
[Site "Dubai UAE"]
[Date "2001.04.25"]
[Round "9"]
[White "Pigusov,E"]
[Black "Fedorov,Alex"]
[Result "1/2-1/2"]
[WhiteElo "2584"]
[BlackElo "2590"]

1.Nf3 Nf6 2.c4 g6 3.g3 Bg7 4.Bg2 O-O 5.d4 d6 6.Nc3 Nc6 7.O-O a6 8.h3 Bd7
9.e4 e5 10.dxe5 dxe5 11.Re1 h6 12.Nd5 Be6 13.b4 Nh7 14.Be3 f5 15.exf5 gxf5
16.Bf4 exf4 17.Rxe6 fxg3 18.fxg3 Ng5 19.Rg6 Qe8 20.Nh4 Qe5 21.Rb1 Qxg3 22.Qh5 Nxh3+
23.Kh1 Nf2+ 24.Kg1 Ng4 25.Nxf5 Qf2+ 26.Kh1 Qxf5 27.Qxf5 Rxf5 28.Rxg4 Re8
29.Be4 Rh5+ 30.Kg2 Rg5 31.Rxg5 hxg5 32.Bf3 Nd4 33.Nxc7 Re3 34.Bxb7 Re2+ 35.Kf1 g4
36.Re1 Rxa2 37.Re8+ Kf7 38.Bd5+ Kg6 39.Rg8 g3 40.Ne8 Rf2+ 41.Ke1 Nc2+ 42.Kd1 Ne3+  1/2-1/2

[Event "4th Open"]
[Site "Tanta City EGY"]
[Date "2001.04.25"]
[Round "7"]
[White "Jirovsky,M"]
[Black "Tissir,M"]
[Result "1-0"]
[WhiteElo "2452"]
[BlackElo "2352"]

1.c4 Nf6 2.g3 g6 3.Bg2 Bg7 4.Nf3 O-O 5.O-O d6 6.d4 a6 7.Nc3 Nc6 8.b3 Rb8
9.Nd5 Nh5 10.Bb2 e6 11.Nc3 b5 12.d5 Ne7 13.dxe6 Bxe6 14.cxb5 axb5 15.Qd2 Nf6
16.Ng5 Bd7 17.Nce4 Nf5 18.Rac1 Ne8 19.Bxg7 Kxg7 20.Rfd1 Qe7 21.Nh3 Rd8 22.Nf4 c6
23.Qc3+ Kg8 24.a4 bxa4 25.bxa4 Ra8 26.a5 Qd8 27.Ra1 d5 28.Nc5 Nfd6 29.e4 Nb5
30.Qb4 d4 31.Bf1 Bg4 32.Bxb5 Bxd1 33.Bxc6 Rc8 34.Bxe8 Bf3 35.Bb5 Qd6 36.Nfd3 Be2
37.a6 Bxd3 38.Nxd3 Qxb4 39.Nxb4 Rb8 40.Ra5 Rfd8 41.a7  1-0

[Event "54th ch-RUS"]
[Site "Elista RUS"]
[Date "2001.05.03"]
[Round "4"]
[White "Pigusov,E"]
[Black "Smirnov,P"]
[Result "1/2-1/2"]
[WhiteElo "2584"]
[BlackElo "2511"]

1.Nf3 Nf6 2.c4 g6 3.g3 Bg7 4.Bg2 O-O 5.d4 d6 6.Nc3 Nc6 7.O-O a6 8.Re1 Re8
9.h3 Bd7 10.e4 e5 11.dxe5 Nxe5 12.Nxe5 dxe5 13.Be3 b5 14.c5 c6 15.Qe2 Be6
16.Red1 Nd7 17.Nd5 Qc8 18.Rac1 Bf8 19.b3 Qb7 20.Rd2 Rac8 21.Qd1 b4 22.g4  1/2-1/2

[Event "54th ch-RUS"]
[Site "Elista RUS"]
[Date "2001.05.08"]
[Round "8"]
[White "Rustemov,A"]
[Black "Loginov,Va"]
[Result "1-0"]
[WhiteElo "2625"]
[BlackElo "2499"]

1.Nf3 Nf6 2.c4 g6 3.g3 Bg7 4.Bg2 O-O 5.d4 d6 6.Nc3 Nc6 7.O-O a6 8.b3 Rb8
9.Nd5 Nxd5 10.cxd5 Nb4 11.e4 f5 12.Ng5 c5 13.dxc6 Nxc6 14.exf5 Rxf5 15.g4 Rf6
16.Be3 d5 17.h3 h6 18.Nf3 Be6 19.Ne5 g5 20.Nxc6 bxc6 21.Qe2 Qb6 22.Rac1 Bf7
23.Qc2 Bg6 24.Qc5 Qd8 25.Rc3 Bf8 26.Qa3 a5 27.Qc1 Qb6 28.Rd1 Bg7 29.Rc5 Kh7
30.Qc3 Ra8 31.Rc1 Be8 32.Bf1 Kg8 33.Bd3 Qb4 34.Kg2 Bd7 35.Qb2 Qb6 36.Bb1 Be8
37.Qc2 Bg6 38.Qc3 Be8 39.a3 Ra7 40.Bd3 Ra8 41.Rb1 Bd7 42.b4 axb4 43.axb4 Raf8
44.Rb2 h5 45.Be2 hxg4 46.hxg4 Qb8 47.Rb1 Rh6 48.Rh1 Rff6 49.Rh5 Rxh5 50.gxh5 g4
51.b5 cxb5 52.Rc7 Qe8 53.Qc5 Be6 54.Qxe7 Qxe7 55.Rxe7 Bf8 56.Rb7 b4 57.Bd2 Bf5
58.Bxb4 Bxb4 59.Rxb4 Re6 60.Bd1 Kg7 61.Rb5 Re1 62.Bb3 Kh6 63.Bxd5 Kxh5 64.Be6 Rxe6
65.Rxf5+ Kh4 66.Re5 Rf6 67.Re3 Rf5 68.Kf1 Rd5 69.Re4 Kg5 70.Ke2 Kf5 71.Ke3 Ra5
72.Rf4+ Kg5 73.Rf8 Ra2 74.d5 Ra1 75.Kd4 Rd1+ 76.Ke5 Re1+ 77.Kd6 Re2 78.Kc7 Rc2+
79.Kd7 Kg6 80.d6 Rd2 81.Kc7 Rc2+ 82.Kd8 Rc4 83.f3 Kg7 84.Rf5  1-0

[Event "65th ch-BUL"]
[Site "Tsarevo BUL"]
[Date "2001.05.12"]
[Round "2"]
[White "Delchev,P"]
[Black "Pantaleev,P"]
[Result "0-1"]
[WhiteElo "2280"]
[BlackElo "2226"]

1.c4 Nf6 2.Nf3 g6 3.g3 Bg7 4.Bg2 O-O 5.O-O d5 6.cxd5 Nxd5 7.Nc3 Nb6 8.d3 Nc6
9.Be3 h6 10.Na4 Nd5 11.Bd2 e5 12.Qb3 Nde7 13.Rfc1 Nf5 14.Qd1 Rb8 15.Nc5 Ncd4
16.Nb3 Nxf3+ 17.Bxf3 b6 18.Bc3 c5 19.Nd2 Nd4 20.Bxd4 Qxd4 21.Rc2 Be6 22.Qf1 f5
23.Bh1 Kh7 24.Qg2 Bc8 25.Qd5 Rd8 26.Qxd4 exd4 27.a3 Be6 28.b4 cxb4 29.axb4 Rbc8
30.Rb2 Rc7 31.Bf3 g5 32.h3 Rdc8 33.Rbb1 Rc2 34.Nf1 Ba2 35.Re1 Bf8 36.b5 Bb4
37.Red1 Bc3 38.Rac1 Rxc1 39.Rxc1 Rc5 40.e3 Bb2 41.Rxc5 bxc5 42.exd4 Bxd4
43.g4 Bb1 44.Be2 Bc2 45.gxf5 Ba4 46.Nd2 Bxb5 47.Nb3 Bd7 48.Bg4 h5 49.Bxh5 Bxf5
50.Be2 Bxh3 51.Bd1 Kg7 52.Bc2 Kf6 53.Kh2 Bf5 54.Kg3 Ke5 55.Na5 a6 56.Kf3 Bc3
57.Nc4+ Kd4 58.Ke2 a5 59.Nd6 Bd7 60.Bb3 a4 61.Bc4 a3 62.Bb3 Bb4 63.Bc4 Kc3
64.Ne4+ Kb2 65.Nxg5 Ba4 66.Ne4 Bb3 67.Bxb3 Kxb3  0-1

[Event "TCh-RUS"]
[Site "Tomsk RUS"]
[Date "2001.05.17"]
[Round "5"]
[White "Makarov,M"]
[Black "Nevostrujev,V"]
[Result "1/2-1/2"]
[WhiteElo "2511"]
[BlackElo "2438"]

1.Nf3 Nf6 2.c4 g6 3.g3 Bg7 4.Bg2 O-O 5.O-O d6 6.d4 Nbd7 7.Nc3 e5 8.e4 exd4
9.Nxd4 Re8 10.h3 Nc5 11.Re1 a5 12.Ndb5 Be6 13.e5 dxe5 14.Qxd8 Rexd8 15.Nxc7 Rac8
16.Nxe6 fxe6 17.Re2 Nd3 18.Bg5 Rxc4 19.Bxb7 Nc5 20.Bg2 a4 21.a3 h6 22.Be3 Nb3
23.Rb1 Bf8 24.Ree1 Nd4 25.Red1 Nd5 26.Nxd5 exd5 27.Bf1 Rc5 28.Bxd4 exd4 29.Rxd4  1/2-1/2

[Event "TCh-YUG"]
[Site "Herceg Novi YUG"]
[Date "2001.05.18"]
[Round "5"]
[White "Paunovic,D"]
[Black "Djukic,Ni"]
[Result "1-0"]
[WhiteElo "2467"]
[BlackElo "2382"]

1.Nf3 Nf6 2.c4 g6 3.g3 Bg7 4.Bg2 O-O 5.O-O d6 6.Nc3 Nc6 7.d3 e5 8.Bg5 h6
9.Bxf6 Bxf6 10.Rb1 a5 11.a3 Be6 12.Nd2 Qd7 13.b4 Bh3 14.Nd5 Bd8 15.Ne4 Kg7
16.Bxh3 Qxh3 17.b5 Ne7 18.b6 Nxd5 19.cxd5 cxb6 20.Qa4 Bc7 21.Rfc1 Rac8 22.Rc4 Rfd8
23.Qb5 Qd7 24.Qxd7 Rxd7 25.a4 Rcd8 26.Rc2 f6 27.Nd2 Kf7 28.Nc4 Ke7 29.e4 Ra8
30.Kf1 Ra6 31.Ke2 Bd8 32.Rcb2 Bc7 33.Nxb6 Bxb6 34.Rxb6 Ra7 35.Rc1 Rd8 36.Rc7+ Rd7
37.Rc8 h5 38.h4 Kf7 39.Ke3 Ke7 40.f3 Kf7 41.f4 Ke7 42.fxe5 fxe5 43.d4 exd4+
44.Kxd4 Ra6 45.Rxa6 bxa6 46.Rh8 Kf6 47.Re8 Kf7 48.Re6 Rd8 49.Ke3  1-0

[Event "TCh-YUG"]
[Site "Herceg Novi YUG"]
[Date "2001.05.19"]
[Round "6"]
[White "Tadic,B"]
[Black "Djukic,Z YUG"]
[Result "1/2-1/2"]
[WhiteElo "2432"]
[BlackElo "2394"]

1.Nf3 Nf6 2.c4 g6 3.g3 Bg7 4.Bg2 O-O 5.O-O d6 6.d4 c6 7.Nc3 Qa5 8.Qd2 Qa6
9.b3 b5 10.cxb5 cxb5 11.a4 bxa4 12.Bb2 Bb7 13.d5 Qb6 14.Nxa4 Qd8 15.Ne1 Nbd7
16.Nc2 Nc5 17.Nxc5 dxc5 18.Ne3 e6 19.Rfd1 exd5 20.Nxd5 Bxd5 21.Bxd5 Qxd5
22.Qxd5 Nxd5 23.Bxg7 Kxg7 24.Rxd5 Rfb8 25.Rxc5 Rxb3 26.Rca5 Rb7 27.e3 h5
28.Kg2 Rc7 29.R1a2 Re7 30.Kf3 Rc7 31.Ra6 Rb7 32.Kf4 Kh6 33.h3 Rd7 34.e4 Rb7
35.R2a4 Re7 36.e5 Rb7 37.g4 hxg4 38.hxg4 Rc7 39.f3 Rb7 40.R4a5 Rb4+ 41.Kg3 Rb7
42.Ra3 Re8 43.Rxa7 Rxa7 44.Rxa7 Rxe5 45.Rxf7 g5 46.Kf2 Kg6 47.Rd7 Re6 48.Rd4 Rf6
49.Ke3 Re6+ 50.Re4 Rf6 51.Re8 Rf4  1/2-1/2

[Event "65th ch-BUL"]
[Site "Tsarevo BUL"]
[Date "2001.05.19"]
[Round "9"]
[White "Delchev,A"]
[Black "Cheparinov,I"]
[Result "1/2-1/2"]
[WhiteElo "2584"]
[BlackElo "2444"]

1.Nf3 Nf6 2.c4 g6 3.g3 Bg7 4.Bg2 O-O 5.d4 d6 6.O-O Nc6 7.Nc3 Bd7 8.h3 Re8
9.e3 a6 10.b3 Rb8 11.Bb2 b5 12.Nd2 e5 13.d5 Ne7 14.Rc1 h5 15.c5 b4 16.cxd6 cxd6
17.Nce4 Nxe4 18.Nxe4 Bb5 19.Re1 Qb6 20.g4 h4 21.a4 bxa3 22.Bxa3 Red8 23.Qf3 Bd3
24.Nf6+ Kf8 25.Nh7+ Kg8 26.Nf6+ Kf8  1/2-1/2